000 00785nam a2200217 a 4500
005 20200104041539.0
008 140311b2002 bo ||||| |||| 00| 0 spa d
040 _aCO-BoIAVH
_cCO-BoIAVH
041 _aspa
044 _abo
082 0 4 _a338.17
_bB61b
245 0 0 _aDiagnóstico sobre el biocomercio en Bolivia y recomendaciones para la puesta en marcha del programa nacional de biocomercio sostenible.
260 _aLa Paz :
_bMinisterio de Desarrollo Sostenible y Planificación,
_c2002.
300 _a165 p.
650 1 4 _aAgricultura sostenible
650 2 4 _aPolítica ambiental
650 2 4 _aProductos ecológicos
650 2 4 _aMercados verdes
710 _aBolivia
_bMinisterio de Desarrollo sostenible y Planificación
942 _cLIBRO
_2ddc
999 _c3406
_d3406